| 000 | 00643nam a2200217 a 4500 | ||
|---|---|---|---|
| 005 | 20240924071045.0 | ||
| 008 | 050119s1999 mx r 000 0 spa d | ||
| 020 | _a8437015197 | ||
| 035 | _aUPN01000137042 | ||
| 049 | _aCG | ||
| 050 | 4 |
_aP121 _bL5.5 1999 |
|
| 245 | 0 | 0 |
_aLingüística general y aplicada / _cAngel López García ... [et al.]. |
| 250 | _a3a ed. | ||
| 260 |
_aValencia, Esp. : _bUniversitat de València, _c1999. |
||
| 300 | _a403 p. | ||
| 440 | 0 |
_aEducació. _pMaterials ; _v3 |
|
| 650 | 4 |
_aLingüística _96151 |
|
| 650 | 4 |
_aLINGUISTICA - _xHISTORIA _927406 |
|
| 700 | 1 |
_aLópez García, Angel, _ecoaut. |
|
| 905 | _aLibro | ||
| 999 |
_c109193 _d109193 |
||